समकालीन भारतीय संघवाद: चुनौतियाँ, अवसर एवं संभावनाएं (Record no. 1465089)
[ view plain ]
| 000 -LEADER | |
|---|---|
| fixed length control field | 01456 a2200253 4500 |
| 005 - DATE AND TIME OF LATEST TRANSACTION | |
| control field | 20251212161016.0 |
| 008 - FIXED-LENGTH DATA ELEMENTS--GENERAL INFORMATION | |
| fixed length control field | 251212b |||||||| |||| 00| 0 eng d |
| 020 ## - INTERNATIONAL STANDARD BOOK NUMBER | |
| International Standard Book Number | 9788131614204 (hbk) |
| 037 ## - SOURCE OF ACQUISITION | |
| Terms of availability | TB |
| 040 ## - CATALOGING SOURCE | |
| Original cataloging agency | CRL |
| Transcribing agency | CRL |
| 041 ## - LANGUAGE CODE | |
| Source of code | hin |
| Language code of text/sound track or separate title | hin |
| 084 ## - COLON CLASSIFICATION NUMBER | |
| Classification number | V2:12.N7 152R5 |
| Assigning agency | CRL |
| 245 ## - TITLE STATEMENT | |
| Title | समकालीन भारतीय संघवाद: चुनौतियाँ, अवसर एवं संभावनाएं |
| 260 ## - PUBLICATION, DISTRIBUTION, ETC. | |
| Place of publication, distribution, etc. | नई दिल्ली, भारत: |
| Name of publisher, distributor, etc. | रावत पब्लिकेशन्स, |
| Date of publication, distribution, etc. | 2025. |
| 300 ## - PHYSICAL DESCRIPTION | |
| Extent | 246पृ. |
| 650 ## - SUBJECT ADDED ENTRY--TOPICAL TERM | |
| Topical term or geographic name entry element | इतिहास |
| 9 (RLIN) | 856428 |
| 650 ## - SUBJECT ADDED ENTRY--TOPICAL TERM | |
| Topical term or geographic name entry element | भारत - इतिहास |
| 9 (RLIN) | 856429 |
| 650 ## - SUBJECT ADDED ENTRY--TOPICAL TERM | |
| Topical term or geographic name entry element | संघवाद |
| 9 (RLIN) | 856430 |
| 700 ## - ADDED ENTRY--PERSONAL NAME | |
| Personal name | सिसोदिया, यतीन्द्र सिंह |
| Relator term | सम्पादक |
| 9 (RLIN) | 856431 |
| 700 ## - ADDED ENTRY--PERSONAL NAME | |
| Personal name | राजपूत, उदय सिंह |
| Relator term | सम्पादक |
| 9 (RLIN) | 856432 |
| 700 ## - ADDED ENTRY--PERSONAL NAME | |
| Personal name | मिश्र, पुष्पेंद्र कुमार |
| Relator term | सम्पादक |
| 9 (RLIN) | 856433 |
| 942 ## - ADDED ENTRY ELEMENTS (KOHA) | |
| Koha item type | Textbook |
| Source of classification or shelving scheme | Colon Classification (CC) |
| Suppress in OPAC | No |
| Classification part | V2:12.N7 152R5 |
| Withdrawn status | Lost status | Source of classification or shelving scheme | Damaged status | Not for loan | Home library | Current library | Date acquired | Source of acquisition | Cost, normal purchase price | Inventory number | Total Checkouts | Full call number | Barcode | Date last seen | Cost, replacement price | Price effective from | Koha item type |
|---|---|---|---|---|---|---|---|---|---|---|---|---|---|---|---|---|---|
| Colon Classification (CC) | Central Library | Central Library | 2025-11-18 | 32/ गोविंदा बुक हाउस | 1116.00 | 6968 & 2025-11-14 | V2:12.N7 152R5 | CL1924514 | 2025-11-18 | 1395.00 | 2025-11-18 | Textbook |
